| 000 | 00389nam a22001451a 4500 | ||
|---|---|---|---|
| 082 |
_aH400 7 _bSAN/H |
||
| 100 | _aSangeetha Sarasvath | ||
| 245 |
_aHindi ke lalith nibandhom mein samskritic mooly/ _cby Sangeetha Sarasvath |
||
| 260 |
_aNew Delhi: _bNirmal, _c1998. |
||
| 300 | _a270p. | ||
| 650 | _aEssays Hindi Study | ||
| 650 | _aLiterature Hindi | ||
| 650 | _aLiterature | ||
| 942 | _cBK | ||
| 999 |
_c17558 _d17558 |
||